| 000 | 00579nam a22001937a 4500 | ||
|---|---|---|---|
| 003 | 0 | ||
| 005 | 20241121160803.0 | ||
| 008 | 241121b xxu||||| |||| 00| 0 eng d | ||
| 020 | _a9781647254841 | ||
| 050 |
_aQA 155 _b.H68 2024 |
||
| 100 |
_aHouston, Kevin, _eauthor. |
||
| 245 |
_aFundamentals of algebra / _cKevin Houston. |
||
| 260 |
_aForest Hills, NY : _bNY Research Press, _c2024. |
||
| 300 |
_avi, 187 p. : _bcol. ill. ; _c27 cm. |
||
| 504 | _aIncludes bibliographical references and index. | ||
| 650 | _aAlgebra. | ||
| 650 | _aMathematical analysis. | ||
| 942 |
_2lcc _cBK |
||
| 999 |
_c366782 _d366782 |
||